<?xml version="1.0" encoding="UTF-8"?><?xml-stylesheet type="text/xsl" href="static/style.xsl"?><OAI-PMH xmlns="http://www.openarchives.org/OAI/2.0/" xmlns:xsi="http://www.w3.org/2001/XMLSchema-instance" xsi:schemaLocation="http://www.openarchives.org/OAI/2.0/ http://www.openarchives.org/OAI/2.0/OAI-PMH.xsd"><responseDate>2026-04-27T21:26:24Z</responseDate><request verb="GetRecord" identifier="oai:uvadoc.uva.es:10324/44982" metadataPrefix="marc">https://uvadoc.uva.es/oai/request</request><GetRecord><record><header><identifier>oai:uvadoc.uva.es:10324/44982</identifier><datestamp>2025-01-22T10:47:40Z</datestamp><setSpec>com_10324_44585</setSpec><setSpec>com_10324_954</setSpec><setSpec>com_10324_894</setSpec><setSpec>col_10324_44586</setSpec></header><metadata><record xmlns="http://www.loc.gov/MARC21/slim" xmlns:doc="http://www.lyncode.com/xoai" xmlns:xsi="http://www.w3.org/2001/XMLSchema-instance" xmlns:dcterms="http://purl.org/dc/terms/" xsi:schemaLocation="http://www.loc.gov/MARC21/slim http://www.loc.gov/standards/marcxml/schema/MARC21slim.xsd">
<leader>00925njm 22002777a 4500</leader>
<datafield tag="042" ind1=" " ind2=" ">
<subfield code="a">dc</subfield>
</datafield>
<datafield tag="720" ind1=" " ind2=" ">
<subfield code="a">Noriega González, David César</subfield>
<subfield code="e">author</subfield>
</datafield>
<datafield tag="720" ind1=" " ind2=" ">
<subfield code="a">Krüger, Antonio</subfield>
<subfield code="e">author</subfield>
</datafield>
<datafield tag="720" ind1=" " ind2=" ">
<subfield code="a">Hernández Ramajo, Rubén</subfield>
<subfield code="e">author</subfield>
</datafield>
<datafield tag="720" ind1=" " ind2=" ">
<subfield code="a">Ardura Aragón, Francísco</subfield>
<subfield code="e">author</subfield>
</datafield>
<datafield tag="720" ind1=" " ind2=" ">
<subfield code="a">Muñoz Moreno, María Fe</subfield>
<subfield code="e">author</subfield>
</datafield>
<datafield tag="720" ind1=" " ind2=" ">
<subfield code="a">Sahin, Soner</subfield>
<subfield code="e">author</subfield>
</datafield>
<datafield tag="260" ind1=" " ind2=" ">
<subfield code="c">2016</subfield>
</datafield>
<datafield tag="520" ind1=" " ind2=" ">
<subfield code="a">Aim: To evaluate the efficacy, feasibility and safety of a percutaneous anatomical vertebral body reduction for the treatment of VCF (vertebral compression fracture) linked to malignancy. Vertebroplasty and percutaneous kyphoplasty have played essential roles in the treatment of painful vertebral metastasis, although there are few reports with long survival that have evaluated the long-term efficacy, adjacent fractures and vertebral body (VB) re-collapse associated with these procedures. We aimed to evaluate the longterm efficacy and the complications associated with malignancy and changes in spinal biomechanics. Material and methods: The retrospective study examined 32 patients with osteolytic VCF due to malignant infiltration of the vertebral body. A visual analogue scale, the EQ5 and radiological analysis (i.e., X-ray and CT scan) were used to assess back pain, quality of life and complications. Results: Statistically significant reductions in anterior and central vertebral body heights (6.2 mm-19.6 ± 4.2 mm- and 5.8 mm- 16.7 ± 7.8 mm-, respectively) that resulted in reductions of the regional Cobb angles exceeding 30% were observed. There was also a statistically significant improvement in quality of life. The average survival was longer than those reported in most published articles, and the average follow-up period was 30.9 months. Conclusion: Anatomical restoration (i.e., cortical ring reduction with endplate rebalancing) is potentially beneficial for a wellselected group of patients with spine metastases and long life expectancies because this procedure avoids the complications typical of these types of treatments (e.g., leakage, adjacent fractures and re-collapse).</subfield>
</datafield>
<datafield tag="024" ind2=" " ind1="8">
<subfield code="a">Turkish Neurosurgery, 2016, vol. 26, n. 4. p. 608-614</subfield>
</datafield>
<datafield tag="024" ind2=" " ind1="8">
<subfield code="a">2651-5032</subfield>
</datafield>
<datafield tag="024" ind2=" " ind1="8">
<subfield code="a">http://uvadoc.uva.es/handle/10324/44982</subfield>
</datafield>
<datafield tag="024" ind2=" " ind1="8">
<subfield code="a">10.5137/1019-5149.JTN.12294-14.1</subfield>
</datafield>
<datafield tag="245" ind1="0" ind2="0">
<subfield code="a">Long-term benefits of percutaneous anatomical restoration of vertebral compression fractures linked to malignancy</subfield>
</datafield>
</record></metadata></record></GetRecord></OAI-PMH>